00225nam a2200085Ia 450000100070000000500170000700800410002424500480006526000260011392709620250826191610.0250824s9999 xx 000 0 und d 0aKURBAĞA KAVGASIcŞEBNEM GÜLER KARACAN bYEDİVEREN YAYINLARI